000 00241nam a2200097Ia 4500
001 644684
005 20250826153609.0
008 250824s9999 xx 000 0 und d
245 0 _aAĞAÇKAKANLAR
_cCAHİT ZARİFOĞLU
260 _bBEYAN YAYINLARI
999 _c644684
_d644684